Państwa świata według organizacji międzynarodowych - Statystyki

Ogólne statystyki
  • Ten quiz został rozwiązany 264 razy
  • Średni wynik to 68 z 196
Odpowiedzi na mapie
Odpowiedzi zakodowano w zielono-czerwonej skali na mapie do tego quizu, zgodnie z poniższymi procentami.
 
Statystyki odpowiedzi
Kraj % Poprawnych
Belgia
96%
Bułgaria
96%
Chorwacja
96%
Czechy
96%
Dania
96%
Estonia
96%
Finlandia
96%
Francja
96%
Grecja
96%
Hiszpania
96%
Holandia
96%
Litwa
96%
Łotwa
96%
Luksemburg
96%
Niemcy
96%
Polska
96%
Portugalia
96%
Rumunia
96%
Słowacja
96%
Słowenia
96%
Szwecja
96%
Węgry
96%
Włochy
96%
Wielka Brytania
91%
Kanada
90%
Stany Zjednoczone
90%
Albania
88%
Czarnogóra
88%
Islandia
88%
Macedonia Północna
88%
Norwegia
88%
Turcja
88%
Austria
81%
Cypr
81%
Irlandia
81%
Malta
81%
Egipt
59%
Republika Południowej Afryki
58%
Zjednoczone Emiraty Arabskie
58%
Algieria
56%
Etiopia
56%
Libia
56%
Iran
54%
Angola
53%
Gabon
53%
Gwinea Równikowa
53%
Kongo
53%
Nigeria
53%
Rosja
49%
Dżibuti
43%
Komory
43%
Maroko
43%
Mauretania
43%
Somalia
43%
Sudan
43%
Tunezja
43%
Arabia Saudyjska
42%
Brazylia
41%
Chiny
41%
Indie
41%
Benin
39%
Botswana
39%
Burkina Faso
39%
Burundi
39%
Czad
39%
Demokratyczna Republika Konga
39%
Erytrea
39%
Eswatini
39%
Gambia
39%
Ghana
39%
Gwinea
39%
Gwinea Bissau
39%
Irak
39%
Kamerun
39%
Kenia
39%
Kuwejt
39%
Lesotho
39%
Liberia
39%
Madagaskar
39%
Malawi
39%
Mali
39%
Mauritius
39%
Mozambik
39%
Namibia
39%
Niger
39%
Republika Środkowoafrykańska
39%
Republika Zielonego Przylądka
39%
Rwanda
39%
Senegal
39%
Seszele
39%
Sierra Leone
39%
Sudan Południowy
39%
Tanzania
39%
Togo
39%
Uganda
39%
Wybrzeże Kości Słoniowej
39%
Wyspy Świętego Tomasza i Książeca
39%
Zambia
39%
Zimbabwe
39%
Wenezuela
33%
Indonezja
29%
Brunei
26%
Filipiny
26%
Kambodża
26%
Laos
26%
Malezja
26%
Meksyk
26%
Mjanma
26%
Singapur
26%
Tajlandia
26%
Wietnam
26%
Armenia
21%
Białoruś
21%
Kazachstan
21%
Kirgistan
21%
Azerbejdżan
20%
Mołdawia
20%
Tadżykistan
20%
Uzbekistan
20%
Bahrajn
19%
Jemen
19%
Jordania
19%
Katar
19%
Liban
19%
Oman
19%
Syria
19%
Japonia
14%
Argentyna
11%
Australia
11%
Korea Południowa
11%
Serbia
4%
Szwajcaria
4%
Ukraina
4%
Belize
3%
Boliwia
3%
Bośnia i Hercegowina
3%
Chile
3%
Dominikana
3%
Ekwador
3%
Gujana
3%
Gwatemala
3%
Honduras
3%
Kolumbia
3%
Kosowo
3%
Kostaryka
3%
Nikaragua
3%
Panama
3%
Paragwaj
3%
Peru
3%
Salwador
3%
Surinam
3%
Urugwaj
3%
Afganistan
2%
Andora
2%
Bahamy
2%
Fidżi
2%
Haiti
2%
Kiribati
2%
Korea Północna
2%
Kuba
2%
Liechtenstein
2%
Malediwy
2%
Mikronezja
2%
Nauru
2%
Nowa Zelandia
2%
Palau
2%
Papua-Nowa Gwinea
2%
Samoa
2%
Tajwan
2%
Tonga
2%
Turkmenistan
2%
Tuvalu
2%
Vanuatu
2%
Watykan
2%
Wyspy Marshalla
2%
Wyspy Salomona
2%
Antigua i Barbuda
1%
Bangladesz
1%
Barbados
1%
Bhutan
1%
Dominika
1%
Grenada
1%
Gruzja
1%
Izrael
1%
Jamajka
1%
Monako
1%
Mongolia
1%
Nepal
1%
Pakistan
1%
Saint Kitts i Nevis
1%
Saint Lucia
1%
Saint Vincent i Grenadyny
1%
San Marino
1%
Sri Lanka
1%
Timor Wschodni
1%
Trynidad i Tobago
1%
Nie znaleziono quizów pasujących do podanych kryteriów
Rozkład punktacji
Procent ludzi z każdym wynikiem
Percentyl według liczby udzielonych odpowiedzi
Twoja historia wyników
Nie rozwiązałeś tego quizu